000 00798nam a2200229Ii 4500
003 JO-AjNU
008 230605s9999||||xx |||||||||||||| ||und||
017 _a2008/20715
020 _a977-327-597-3
040 _aJO-AjNU
_bara
_erda
_cJO-AjNU
041 _aara
050 1 4 _aLC4015.S557 2013
100 3 _aالشربيني، كامل منصور مؤلف/خليفة،وليد السيد أحمد,
_eauthor
_944595
245 0 0 _aالإتجاهات الحديثة في بحوث ودراسات التربية الخاصة
250 _aط1
264 3 1 _aالإسكندرية:دار الوفاء،2013
300 _a523ص
336 _atext
_btxt
_2rdacontent
337 _aunmediated
_bn
_2rdamedia
338 _avolume
_bnc
_2rdacarrier
650 4 _aالتعليم الخاص-بحوث
_944596
999 _aA19267
_c22835
_d22835